000
00212nam a22000857a 4500
008
170601b xxu||||| |||| 00| 0 eng d
100
_9
3179
_a
Berry. N
245
_a
The story of writting
260
_a
New Delhi
_b
CBT
_c
2000
999
_c
6482
_d
6482